|
|
|
|
| LEADER |
01657nam a2200385 i 4500 |
| 001 |
EBC5606407 |
| 003 |
MiAaPQ |
| 005 |
20200128114014.0 |
| 006 |
m o d | |
| 007 |
cr cnu|||||||| |
| 008 |
200128s2018 quc o 000 0 fre d |
| 020 |
|
|
|z 9782896034833
|
| 020 |
|
|
|a 9782896036509
|q (electronic bk.)
|
| 035 |
|
|
|a (MiAaPQ)EBC5606407
|
| 035 |
|
|
|a (Au-PeEL)EBL5606407
|
| 035 |
|
|
|a (OCoLC)1078575841
|
| 040 |
|
|
|a MiAaPQ
|b eng
|e rda
|e pn
|c MiAaPQ
|d MiAaPQ
|
| 050 |
|
4 |
|a HG6015
|b .T753 2018
|
| 082 |
0 |
|
|a 332.645
|2 23
|
| 100 |
1 |
|
|a Trichet, Pascal,
|e author.
|
| 245 |
1 |
3 |
|a La bourse, le trading et leurs secrets :
|b ou de la premiere sicav au condor /
|c Pascal Trichet ; preface de M. Alain Weisrock.
|
| 264 |
|
1 |
|a Boucherville, Quebec ;
|a Paris :
|b Arnaud Franel Editions,
|c [2018]
|
| 264 |
|
4 |
|c 2018
|
| 300 |
|
|
|a 1 online resource (149 pages)
|
| 336 |
|
|
|a text
|b txt
|2 rdacontent
|
| 337 |
|
|
|a computer
|b c
|2 rdamedia
|
| 338 |
|
|
|a online resource
|b cr
|2 rdacarrier
|
| 588 |
|
|
|a Description based on print version record.
|
| 590 |
|
|
|a Electronic reproduction. Ann Arbor, MI : ProQuest, 2018. Available via World Wide Web. Access may be limited to ProQuest affiliated libraries.
|
| 650 |
|
0 |
|a Speculation.
|
| 655 |
|
4 |
|a Electronic books.
|
| 700 |
1 |
|
|a Weisrock, Alain,
|d 1979-
|e writer of foreword.
|
| 776 |
0 |
8 |
|i Print version:
|a Trichet, Pascal.
|t Bourse, le trading et leurs secrets : ou de la premiere sicav au condor.
|d Boucherville, Quebec ; Paris : Arnaud Franel Editions, c2018
|h 149 pages
|z 9782896034833
|
| 797 |
2 |
|
|a ProQuest (Firm)
|
| 856 |
4 |
0 |
|u https://ebookcentral.proquest.com/lib/matrademy/detail.action?docID=5606407
|z Click to View
|